000 00483nam a22001937a 4500
003 MPLRDC
005 20220104151302.0
008 210129b ||||| |||| 00| 0 eng d
020 _a986-7504-21-6
082 _a563.5 LH
100 _a鹿荷
245 _a索罗斯的股市操作胜律
_c
250 _a一版一刷
260 _a
_b采竹文化事业有限公司
_c2004
300 _b
490 _a智战趋势. 15
650 _a股票投资
942 _cBK
_o563.5 LH
999 _c52299
_d52289